• 首页
  • 本馆介绍
  • 公告通知
  • 最新文献
  • 馆藏检索
  • 电子资源
  • 读者荐购
  • 参考咨询
  • CALIS
  • 我的图书馆
  • 登录
  • 详细信息显示
  • 放入我的书架
  • 预约/预借图书
  • 作者相关作品
  • 分类相关作品
  • 丛书相关作品
  • 出版社相关作品

书目信息

  • 表格格式
  • 工作单格式
  • 卡片格式
题名:
考虑湿胀软化效应的含结构性裂隙膨胀土边坡变形分析方法
    
 
作者: 池泽成 著
分册:  
出版信息: 武汉   中国地质大学出版社  2025.04
页数: 166页
开本: 26cm
丛书名:
单 册:
中图分类: TU457
科图分类:
主题词: 裂隙--lie xi--膨胀土--边坡稳定性--研究
电子资源:
ISBN: 978-7-5625-6156-9
 
 
 
 
 
000 01590nam0 2200253 450
001 95407
005 20250902103450.37
010    @a978-7-5625-6156-9@dCNY128.00
100    @a20250522d2025 em y0chiy50 ea
101 0  @achi
102    @aCN@b420000
105    @aak a 000yy
106    @ar
200 1  @a考虑湿胀软化效应的含结构性裂隙膨胀土边坡变形分析方法@Akao lv shi zhang ruan hua xiao ying de han jie gou xing lie xi peng zhang tu bian po bian xing fen xi fang fa@d= Deformation analysis method of expansive soil with structural fissure considering swelling and strength softening@f池泽成著@zeng
210    @a武汉@c中国地质大学出版社@d2025.04
215    @a166页@c图@d26cm
320    @a有书目 (第154-166页)
330    @a边坡失稳破坏是膨胀土地质灾害中最为突出的问题之一, 开展考虑湿胀软化效应下结构性裂隙对膨胀土边坡变形与稳定性影响的研究对于正确理解膨胀土边坡失稳机理, 进而采取有针对性的处理对策, 以确保膨胀土边坡的稳定性具有重要意义。针对膨胀土中结构性裂隙导致的工程上易发、多发、灾害影响大的边坡失稳问题, 通过室内试验、模型试验与数值模拟等手段, 重点考虑膨胀土吸湿软化效应, 通过子程序的二次开发, 将修正Alonso模型嵌入有限元软件中, 并结合土体吸湿膨胀模型, 构建了膨胀土边坡渗流-变形半解耦有限元分析方法, 揭示了结构性裂隙对膨胀土边坡失稳破坏的作用模式与控制机理。
510 1  @aDeformation analysis method of expansive soil with structural fissure considering swelling and strength softening@zeng
606 0  @a裂隙@Alie xi@x膨胀土@x边坡稳定性@x研究
690    @aTU457@v5
701  0 @a池泽成@Achi ze cheng@4著
801  0 @aCN@c20250909
905    @a河南城建学院图书馆@dTU457@eC807@f1
    
    考虑湿胀软化效应的含结构性裂隙膨胀土边坡变形分析方法= Deformation analysis method of expansive soil with structural fissure considering swelling and strength softening/池泽成著.-武汉:中国地质大学出版社,2025.04
    166页:图;26cm
    
    
    ISBN 978-7-5625-6156-9:CNY128.00
    边坡失稳破坏是膨胀土地质灾害中最为突出的问题之一, 开展考虑湿胀软化效应下结构性裂隙对膨胀土边坡变形与稳定性影响的研究对于正确理解膨胀土边坡失稳机理, 进而采取有针对性的处理对策, 以确保膨胀土边坡的稳定性具有重要意义。针对膨胀土中结构性裂隙导致的工程上易发、多发、灾害影响大的边坡失稳问题, 通过室内试验、模型试验与数值模拟等手段, 重点考虑膨胀土吸湿软化效应, 通过子程序的二次开发, 将修正Alonso模型嵌入有限元软件中, 并结合土体吸湿膨胀模型, 构建了膨胀土边坡渗流-变形半解耦有限元分析方法, 揭示了结构性裂隙对膨胀土边坡失稳破坏的作用模式与控制机理。
●
相关链接 在E读中查询图书 在当当中查询图书 在豆瓣中查询图书


正题名:考虑湿胀软化效应的含结构性裂隙膨胀土边坡     索取号:TU457/C807         预约/预借

序号 登录号 条形码 馆藏地/架位号 状态 备注
1 1629465   216294659   建筑库101/101建筑库 96排1列4层/ [索取号:TU457/C807] 在馆    
河南城建学院图书馆 欢迎您!
大连网信软件有限公司© 版权所有